कामधेनु दर्शन (Record no. 207497)

MARC details
000 -LEADER
fixed length control field 00542nam a2200109 4500
008 - FIXED-LENGTH DATA ELEMENTS--GENERAL INFORMATION
fixed length control field 241209b |||||||| |||| 00| 0 eng d
245 ## - TITLE STATEMENT
Title कामधेनु दर्शन
Statement of responsibility, etc दिनेश रावल द्वारा संपादित
260 ## - PUBLICATION, DISTRIBUTION, ETC. (IMPRINT)
Place of publication, distribution, etc राजस्थान
Name of publisher, distributor, etc श्रीकृष्ण गोपाल गो सेवा समिति
Date of publication, distribution, etc 1 अक्टूबर, 2024
300 ## - PHYSICAL DESCRIPTION
Extent वर्ष- 11, अंक- 1
310 ## - CURRENT PUBLICATION FREQUENCY
Current publication frequency मासिक
Date of current publication frequency 1 अक्टूबर, 2024
942 ## - ADDED ENTRY ELEMENTS (KOHA)
Source of classification or shelving scheme Dewey Decimal Classification
Item type Periodicals
Call number suffix कामधे
Serial record 1
Holdings
Withdrawn status Lost status Source of classification or shelving scheme Damaged status Not for loan Collection code Home library Current library Shelving location Date acquired Source of acquisition Cost, normal purchase price Total Checkouts Full call number Date last seen Copy number Cost, replacement price Price effective from Koha item type
    Dewey Decimal Classification   Not For Loan Non-fiction D.B.Act.Division D.B.Act.Division On Display 09/12/2024 DBAD 2100.00   कामधे 09/12/2024 1 2100.00 09/12/2024 Periodicals

© Delhi Public Library
Hit Counter
free hit counter